000 00903nam2a2200229 4500
001 rc\2951108
005 20110830234409.2
035 _a(NLR Aleph) 007098728
090 _a13601857
_c13601857
100 _a20110830d1939 |||y0rusy50 ca
101 0 _arus
102 _aRU
105 _ay z |||||
200 1 _aРасчеты с рабочими и служащими (консультации)
210 _d1939
461 0 _1001rc\2951102
_12001#$aСерия практических пособий по учету труда и зарплаты$e(п. 2 программы). Вып. 7-$fВ.О. Союзоргучет. Ленингр. контора организации и механизации учета "Союзмашучет"$vВып. 8
700 1 _aДонде
_bЯ. А.
801 0 _aRU
_bNLR
_gpsbo
801 1 _aRU
_bELAR
_2rusmarc
852 _aNLR
_j39-17/212
942 _cBOOK
980 _aNB